| 000 | 00372nam a2200121Ia 4500 | ||
|---|---|---|---|
| 008 | 230907s9999||||xx |||||||||||||| ||und|| | ||
| 082 |
_a604.243 _bKRU |
||
| 100 |
_aKrulikowski, Alex. _919111 |
||
| 245 | 0 | _aFundamentals of geometric dimensioning and tolerancing : | |
| 260 |
_aDelmar/Cengage Learning, _bClifton Park, N.Y. : _c2012 |
||
| 300 | _axvi, 418 p. : | ||
| 942 | _cBK | ||
| 999 |
_c600709 _d600709 |
||